000 00550nam a22001577a 4500
008 150416b xxu||||| |||| 00| 0 eng d
020 _a9780812693997
050 _aB945.D384. P45 1999
245 _aThe Philosophy of Donald Davidson
_cEdited by lewis Edwin Hahn
260 _aIllinois
_bOpen Court Publishing Company
_c1999
300 _axvi,782p. ;
_c24cm.
440 _aThe library of living philosophers
_nvol. 27
_917157
650 _aDavidson, Donald, 1917
_917158
700 _aHahn, Lewis Edwin, 1908
_917384
_eed.
942 _2lcc
_cMONOGRAPH
999 _c122655
_d122655